00779nam a22002177a 450000500170000000800410001702000150005805000170007310000300009024500610012025000180018126000320019930000180023133600100024933700140025933800120027349000280028550400700031350501450038365000330052820231102152000.0120626s2002 mx a||| 000 0 spa d a8471123355 aLB1051bP6861 aPozo, Juan Ignaciodautor10aTeorías cognitivas de aprendizajeb/ Juan Ignacio Pozo a7a. edición3 aEspañab : Moratac, 2002 a286 páginas atexto asin medio avolumen aPsicología : Manuales aIncluye: Bibliografía pp.255-279 Índice de autores pp.280-286 aLa psicología del aprendizaje: del conductismo a la psicología cognitiva Aprendizaje por asociación Aprendizaje por reestructuración14aPSICOLOGÍA DEL APRENDIZAJE